LEADER 02145nam 22004693 450 001 9911007147203321 005 20240131205235.0 010 $a9781523155583 010 $a1523155582 010 $a9780784484876 010 $a0784484872 035 $a(MiAaPQ)EBC30618235 035 $a(Au-PeEL)EBL30618235 035 $a(Exl-AI)30618235 035 $a(CKB)27459021800041 035 $a(EXLCZ)9927459021800041 100 $a20230707d2023 uy 0 101 0 $aeng 135 $aurcnu|||||||| 181 $ctxt$2rdacontent 182 $cc$2rdamedia 183 $acr$2rdacarrier 200 10$aInternational Conference on Transportation and Development 2023 $eTransportation Safety and Emerging Technologies 205 $a1st ed. 210 1$aReston :$cAmerican Society of Civil Engineers,$d2023. 210 4$dİ2023. 215 $a1 online resource (543 pages) 311 08$aPrint version: Wei, Heng International Conference on Transportation and Development 2023 Reston : American Society of Civil Engineers,c2023 327 $aIntro -- 0001 -- 0002 -- 0003 -- 0004 -- 0005 -- 0007 -- 0008 -- 0009 -- 0010 -- 0011 -- 0012 -- 0013 -- 0014 -- 0015 -- 0016 -- 0017 -- 0018 -- 0019 -- 0020 -- 0021 -- 0022 -- 0023 -- 0024 -- 0025 -- 0026 -- 0027 -- 0028 -- 0029 -- 0030 -- 0031 -- 0032 -- 0033 -- 0034 -- 0035 -- 0036 -- 0037 -- 0038 -- 0039 -- 0040 -- 0041 -- 0042 -- 0043 -- 0044 -- 0045 -- 0046 -- 0047 -- 0048 -- 0049 -- 0050 -- 0051 -- 0052. 330 $aThis collection contains 46 peer-reviewed papers on transportation safety and new technologies presented at the International Conference on Transportation and Development 2023, held in Austin, Texas, June 14-17, 2023. 606 $aTransportation engineering$7Generated by AI 606 $aAutomated vehicles$7Generated by AI 615 0$aTransportation engineering 615 0$aAutomated vehicles 700 $aWei$b Heng$01824133 801 0$bMiAaPQ 801 1$bMiAaPQ 801 2$bMiAaPQ 906 $aBOOK 912 $a9911007147203321 996 $aInternational Conference on Transportation and Development 2023$94391797 997 $aUNINA